000 00679nam a2200289Ia 4500
008 161027s9999||||xx |||||||||||||| ||und||
040 _cHindi
082 _aX.B
082 _bBORI-37542
100 _ashree jinbhadragani
245 _ajeetkalp-sutra
260 _aahmedabad
260 _bjain sahitya sanshodhak samiti
260 _c1983
300 _a20+viii+60
300 _cC
300 _ePaperback
530 _u000028688.pdf
563 _atext
600 _ashree jinbhadragani
630 _ajeetkalp-sutra
650 _aBuddhism and Jainsm
650 _ajainism
700 _ashree jinbhadragani
730 _ajeetkalp-sutra
942 _cBOOK
999 _c1401448
_d1401445